00317nam a22001217a 4500999001700000082001300017100001200030245002200042260001200064300000900076942000700085952010300092 c65140d65137 a297.3SAY aSayeed  aIslamic Modernism akarachi a134p cBK 001040708REFaREFbREFd2019-07-08l0o297.3SAY (Shelf - 18A)pR22522r2019-07-08 00:00:00yBK